000 00866nam a2200337Ia 4500
005 20260514124348.0
008 008 261405s9999 xx 000 0 eng d
037 _aThesis
040 _aCRL
040 _beng
040 _cCRL
041 _2eng
041 _aeng
084 _qCRL
100 _aJassi Dr.Rubina
_91239582
245 0 _aClinical Profile of Nail Apparatus Abnormalities in Dermatology Patients
260 _aDelhi
260 _bUniversity of Delhi
260 _c2015
300 _a90p.
502 _bPh.D.
502 _cUniversity of Delhi
502 _d2015
541 _oThesis
650 _aDermatology Venereology and Leprology
700 _aDr.Ram Chander
700 _aDr.Vibhu Mendiratta
_91239583
710 _aDermatology Venereology and Leprology
_91239573
942 _cTH
999 _c1851737
_d1851737